Best NBA Player From Each Draft Spot - Statistics

General Stats
  • This quiz has been taken 116 times
  • The average score is 17 of 60
Answer Stats
Players % Correct
LeBron James
99%
Michael Jordan
97%
Bill Russell
84%
Kobe Bryant
77%
Stephen Curry
69%
Chris Paul
61%
Nikola Jokic
59%
Dennis Johnson
58%
Eddie Johnson
58%
Larry Bird
58%
Mickey Johnson
58%
Isaiah Thomas
54%
Dirk Nowitzki
53%
Steve Nash
49%
Kevin Garnett
48%
John Stockton
46%
Manu Ginobili
42%
Tony Parker
40%
Paul Pierce
39%
Dennis Rodman
33%
Reggie Miller
33%
Clyde Drexler
32%
Jimmy Butler
32%
Truck Robinson
27%
Julius Erving
26%
Marc Gasol
24%
Stephen Jackson
24%
Robert Parish
22%
Alex English
20%
Shawn Kemp
20%
George Gervin
19%
Joe Dumars
18%
Kyle Korver
18%
Malik Rose
17%
Bob Love
14%
Mark Price
14%
Vlade Divac
13%
Rajon Rondo
12%
Arvydas Sabonis
11%
Gilbert Arenas
11%
Michael Redd
11%
Paul Millsap
10%
Patty Mills
9%
Tiny Archibald
9%
Carlos Boozer
8%
Jeff Hornacek
8%
Rashard Lewis
8%
Larry Nance
7%
Nick Van Exel
6%
Steve Kerr
6%
Maurice Cheeks
5%
Sam Mitchell
5%
Kurt Rambis
4%
Pat Cummings
4%
Norm Van Lier
3%
Anthony Mason
2%
Bob Dandridge
2%
Mehmet Okur
2%
Al Attles
0%
Fred Hoiberg
0%
No matching quizzes found
Score Distribution
Percent of People with Each Score
Percentile by Number Answered
Your Score History
You have not taken this quiz